Clubes que mais sofreram gols de Pelé - Statistics

Estatísticas Gerais
  • Esse quiz foi jogado 180 vezes
  • A pontuação média é 11 de 20
Estatísticas das Respostas
Gols Sofridos Time % Correto
32 Palmeiras
98%
50 Corinthians
97%
31 São Paulo
97%
12 Flamengo
94%
13 Botafogo
89%
40 Botafogo-SP
89%
42 Portuguesa
73%
21 Portuguesa Santista
73%
12 Ponte Preta
71%
41 Guarani
69%
15 Bahia
54%
42 Juventus
47%
15 América-SP
38%
25 XV de Piracicaba
31%
23 Ferroviária
28%
11 São Bento
27%
29 Noroeste
21%
22 Jabaquara
18%
17 Comercial-SP
10%
25 Prudentina
10%
Nenhum quiz correspondente encontrado
Distribuição das Pontuações
Porcentagem de Pessoas com Cada Pontuação
Percentil de Números Respondidos
Sua Pontuação Histórica
Você não jogou esse quiz